[Event "HUN-chT2 Asztalos 0910"]
[Site "Hungary"]
[Date "2010.02.28"]
[Round "7"]
[White "Halpert, Sandor"]
[Black "Vrban, Mladen"]
[Result "0-1"]
[WhiteElo "2145"]
[BlackElo "2302"]
[PlyCount "122"]
[EventDate "2009.11.08"]
[EventType "team-tourn"]
[EventRounds "11"]
[EventCountry "HUN"]
[SourceTitle "EXT 2011"]
[Source "ChessBase"]
[SourceDate "2010.11.26"]
[SourceVersion "1"]
[SourceVersionDate "2010.11.26"]
[SourceQuality "1"]
[WhiteTeam "Dombovar"]
[BlackTeam "Nagyatad"]
[WhiteTeamCountry "HUN"]
[BlackTeamCountry "HUN"]

1. d4 d6 2. Nc3 g6 3. e4 Bg7 4. Be3 Nf6 5. Bc4 0-0 6. Nge2 c6 7. Bb3 Qa5 8. Qd2 e5 9. f3 b5 10. a3 Nbd7 11. h4 h5 12. Rg1 Rb8 13. Kf2 exd4 14. Nxd4 Ne5 15. g3 Re8 16. Kg2 Qc7 17. Nde2 a6 18. Nf4 Bb7 19. Rad1 Rbd8 20. Bd4 Kh7 21. Rge1 Rd7 22. Nh3 c5 23. Ng5+ Kg8 24. Bxe5 dxe5 25. Nd5 Bxd5 26. Bxd5 c4 27. Qe2 Qc5 28. b4 Qc7 29. Rd2 Bh6 30. Red1 Kg7 31. c3 Nh7 32. Qe3 f6 33. f4 exf4 34. gxf4 fxg5 35. hxg5 Bxg5 36. fxg5 Qe5 37. Bc6 Rxd2+ 38. Rxd2 Rf8 39. Rd5 Qe6 40. Qd4+ Kg8 41. Bd7 Qf7 42. Bf5 gxf5 43. Rd7 Qg6 44. Qd5+ Kh8 45. Qe5+ Nf6 46. exf5 Qxg5+ 47. Kf2 Qxf5+ 48. Qxf5 Ng4+ 49. Kg3 Rxf5 50. Rd6 Rf6 51. Rd5 Rh6 52. Kh4 Kg7 53. Rc5 Re6 54. Kxh5 Nf6+ 55. Kh4 Ne4 56. Rc7+ Kf6 57. a4 Nxc3 58. axb5 axb5 59. Rc5 Re5 60. Rc6+ Kf5 61. Ra6 Nd5 0-1

[Event "HUN-chT2 Asztalos 0910"]
[Site "Hungary"]
[Date "2010.02.14"]
[Round "6"]
[White "Ivan, Zoltan"]
[Black "Halpert, Sandor"]
[Result "1-0"]
[WhiteElo "2220"]
[BlackElo "2145"]
[PlyCount "77"]
[EventDate "2009.11.08"]
[EventType "team-tourn"]
[EventRounds "11"]
[EventCountry "HUN"]
[SourceTitle "EXT 2011"]
[Source "ChessBase"]
[SourceDate "2010.11.26"]
[SourceVersion "1"]
[SourceVersionDate "2010.11.26"]
[SourceQuality "1"]
[WhiteTeam "Komlo"]
[BlackTeam "Dombovar"]
[WhiteTeamCountry "HUN"]
[BlackTeamCountry "HUN"]

1. d4 d5 2. c4 c6 3. Nf3 g6 4. Nc3 Bg7 5. Bf4 Nf6 6. e3 Bg4 7. Qb3 b6 8. Ne5 Be6 9. Be2 0-0 10. 0-0 Ne4 11. Rfd1 Nxc3 12. bxc3 f6 13. Nf3 Bf7 14. cxd5 cxd5 15. c4 Nc6 16. Qa4 Na5 17. Nd2 f5 18. Rac1 Rc8 19. c5 Bf6 20. Ba6 Be8 21. Qa3 Rc6 22. Nb3 bxc5 23. Nxc5 g5 24. Be5 Bf7 25. Bb5 Rc8 26. Nd7 Nc4 27. Qa6 Bxe5 28. dxe5 Nb6 29. Nxf8 Kxf8 30. Rxc8 Nxc8 31. Qh6+ Kg8 32. Qxg5+ Kh8 33. Qxf5 Qg8 34. Qf4 Nb6 35. e6 Bxe6 36. Qe5+ Qg7 37. Qxe6 Qb2 38. Qxe7 Qxb5 39. Qf8# 1-0

[Event "HUN-chT2 Asztalos 0910"]
[Site "Hungary"]
[Date "2010.01.31"]
[Round "5"]
[White "Halpert, Sandor"]
[Black "Veress, Robert"]
[Result "0-1"]
[WhiteElo "2145"]
[BlackElo "2214"]
[PlyCount "80"]
[EventDate "2009.11.08"]
[EventType "team-tourn"]
[EventRounds "11"]
[EventCountry "HUN"]
[SourceTitle "EXT 2011"]
[Source "ChessBase"]
[SourceDate "2010.11.26"]
[SourceVersion "1"]
[SourceVersionDate "2010.11.26"]
[SourceQuality "1"]
[WhiteTeam "Dombovar"]
[BlackTeam "Szenna Pack"]
[WhiteTeamCountry "HUN"]
[BlackTeamCountry "HUN"]

1. d4 d5 2. Nf3 c6 3. Nbd2 Nf6 4. g3 Bg4 5. Ne5 Bf5 6. Bg2 e6 7. 0-0 Bd6 8. Ndf3 0-0 9. c4 Nbd7 10. Bg5 Qb8 11. Nxd7 Nxd7 12. c5 Bc7 13. Nh4 h6 14. Nxf5 hxg5 15. Ne3 f5 16. Qc2 Qe8 17. b4 a6 18. Rae1 Qh5 19. f3 Rf6 20. Rf2 Re8 21. Qb1 Rh6 22. a4 Qxh2+ 23. Kf1 Bxg3 24. Qd3 Nf6 25. Nd1 Nh5 26. e3 Bxf2 27. Kxf2 Qg3+ 28. Kf1 Nf6 29. Qc2 Rh2 30. Qf2 Qxf2+ 31. Nxf2 Rh4 32. Nd3 Nd7 33. f4 gxf4 34. exf4 Kf7 35. Kf2 g5 36. Bf3 gxf4 37. Ke2 e5 38. dxe5 Nxe5 39. Rf1 Nxf3+ 40. Kxf3 Rh3+ 0-1

[Event "HUN-chT2 Asztalos 0910"]
[Site "Hungary"]
[Date "2009.12.20"]
[Round "4"]
[White "Katona, Ferenc"]
[Black "Halpert, Sandor"]
[Result "1-0"]
[WhiteElo "2210"]
[BlackElo "2145"]
[PlyCount "43"]
[EventDate "2009.11.08"]
[EventType "team-tourn"]
[EventRounds "11"]
[EventCountry "HUN"]
[SourceTitle "EXT 2011"]
[Source "ChessBase"]
[SourceDate "2010.11.26"]
[SourceVersion "1"]
[SourceVersionDate "2010.11.26"]
[SourceQuality "1"]
[WhiteTeam "Dunaujvaros"]
[BlackTeam "Dombovar"]
[WhiteTeamCountry "HUN"]
[BlackTeamCountry "HUN"]

1. e4 d6 2. d4 f5 3. Nc3 g6 4. Nf3 Bg7 5. Bg5 Nf6 6. Bd3 fxe4 7. Nxe4 0-0 8. h3 b6 9. Qe2 c5 10. c3 Bb7 11. 0-0-0 Nbd7 12. Rhe1 cxd4 13. Nxd4 Bd5 14. Bc4 Bxc4 15. Qxc4+ d5 16. Nxf6+ Nxf6 17. Qb3 Ne4 18. Rxe4 Bxd4 19. Rdxd4 Rf5 20. Bxe7 Qd7 21. g4 Rxf2 22. Rxd5 1-0

[Event "HUN-chT2 Asztalos 0809"]
[Site "Hungary"]
[Date "2009.02.08"]
[Round "7"]
[White "Balazs, Imre"]
[Black "Halpert, Sandor"]
[Result "1/2-1/2"]
[WhiteElo "2059"]
[BlackElo "2145"]
[PlyCount "45"]
[EventDate "2008.10.26"]
[EventType "tourn"]
[EventRounds "11"]
[EventCountry "HUN"]
[SourceTitle "EXT 2010"]
[Source "ChessBase"]
[SourceDate "2010.11.25"]
[SourceVersion "1"]
[SourceVersionDate "2010.11.25"]
[SourceQuality "1"]
[WhiteTeam "Szekszard/Decs II"]
[BlackTeam "Dombovar"]
[WhiteTeamCountry "HUN"]
[BlackTeamCountry "HUN"]

1. e4 e6 2. d4 c5 3. Nf3 cxd4 4. Nxd4 Nc6 5. Be3 Nf6 6. Bd3 d5 7. exd5 Nxd5 8. Nxc6 bxc6 9. Bd4 Qh4 10. Be5 Bc5 11. 0-0 0-0 12. Nd2 Bb7 13. Qe2 Qg5 14. c4 Nf4 15. Bxf4 Qxf4 16. Qh5 f5 17. Nb3 Bb6 18. c5 Bc7 19. g3 Qe5 20. Rfe1 Qf6 21. Bc4 Rae8 22. Rad1 Re7 23. Qe2 1/2-1/2

[Event "HUN-chT2 Asztalos 0809"]
[Site "Hungary"]
[Date "2008.11.30"]
[Round "3"]
[White "Halpert, Sandor"]
[Black "Csernyiczky, Laszlo"]
[Result "1-0"]
[WhiteElo "2145"]
[BlackElo "2134"]
[PlyCount "57"]
[EventDate "2008.10.26"]
[EventType "tourn"]
[EventRounds "11"]
[EventCountry "HUN"]
[SourceTitle "EXT 2010"]
[Source "ChessBase"]
[SourceDate "2010.11.25"]
[SourceVersion "1"]
[SourceVersionDate "2010.11.25"]
[SourceQuality "1"]
[WhiteTeam "Dombovar"]
[BlackTeam "Dunaujvaros"]
[WhiteTeamCountry "HUN"]
[BlackTeamCountry "HUN"]

1. e4 c5 2. e5 Nc6 3. f4 e6 4. Nf3 Nge7 5. Nc3 Nf5 6. Ne4 Be7 7. b3 0-0 8. Bb2 b6 9. Bd3 Nb4 10. Qe2 Bb7 11. a3 Nxd3+ 12. Qxd3 h6 13. Rg1 d5 14. exd6 Bxd6 15. g4 Nh4 16. g5 Nxf3+ 17. Qxf3 Bxe4 18. Qxe4 h5 19. 0-0-0 g6 20. Qc4 Kh7 21. Rgf1 Qc7 22. Rf3 a6 23. Rdf1 b5 24. Qc3 Rg8 25. Rh3 c4 26. b4 Bxf4 27. Qf6 Bxd2+ 28. Kb1 Bxg5 29. Qxg5 1-0

[Event "HUN-chT2 Asztalos 0607"]
[Site "Hungary"]
[Date "2007.05.06"]
[Round "10"]
[White "Halpert, Sandor"]
[Black "Somorai, Zsolt"]
[Result "0-1"]
[WhiteElo "2154"]
[BlackElo "2122"]
[PlyCount "108"]
[EventDate "2006.11.12"]
[EventType "team-tourn"]
[EventRounds "11"]
[EventCountry "HUN"]
[SourceTitle "EXT 2008"]
[Source "ChessBase"]
[SourceDate "2007.11.25"]
[SourceVersion "1"]
[SourceVersionDate "2007.11.25"]
[SourceQuality "1"]
[WhiteTeam "Dombovar"]
[BlackTeam "OK Travel"]
[WhiteTeamCountry "HUN"]
[BlackTeamCountry "HUN"]

1. d4 Nf6 2. c4 e6 3. Nc3 d5 4. Bf4 Bd6 5. Bxd6 Qxd6 6. c5 Qe7 7. f4 Nc6 8. e3 Bd7 9. Nf3 Ng4 10. Qd2 0-0 11. Bd3 Nb4 12. Bb1 b6 13. a3 Nc6 14. b4 bxc5 15. dxc5 Rab8 16. Qe2 f5 17. Ba2 a5 18. h3 Nf6 19. Nd4 axb4 20. axb4 Rxb4 21. Nxf5 Qxc5 22. Qd2 exf5 23. Nxd5 Nxd5 24. Bxd5+ Kh8 25. 0-0 Ne7 26. Bf3 Be6 27. Rfc1 Qd6 28. Qe2 Rfb8 29. Rd1 Qc5 30. Kh2 Bd5 31. Rac1 Bxf3 32. Qxf3 Rc4 33. Rb1 Re8 34. Ra1 Qc6 35. Qf1 Rc2 36. Kh1 Ng6 37. Ra6 Qe4 38. Rc1 Rxc1 39. Qxc1 Nh4 40. Qd2 h6 41. Qf2 Qd3 42. Rc6 Qd8 43. Kh2 Kh7 44. Qc2 Rxe3 45. Rxc7 Qe8 46. Qb2 Qg6 47. Qf2 Qb6 48. Qc2 Ng6 49. Rc6 Qb5 50. Rc5 Qf1 51. Qxf5 Re1 52. Rc3 Qg1+ 53. Kg3 Re2 54. Qd5 Qe1+ 0-1

[Event "HUN-chT2 Asztalos 0506"]
[Site "Hungary"]
[Date "2006.02.26"]
[Round "8"]
[White "Papp, Nandor"]
[Black "Halpert, Sandor"]
[Result "0-1"]
[WhiteElo "2128"]
[BlackElo "2122"]
[PlyCount "48"]
[EventDate "2005.10.16"]
[EventType "team-tourn"]
[EventRounds "11"]
[EventCountry "HUN"]
[SourceTitle "EXT 2009"]
[Source "ChessBase"]
[SourceDate "2008.11.26"]
[SourceVersion "1"]
[SourceVersionDate "2008.11.26"]
[SourceQuality "1"]
[WhiteTeam "Aquaprofit"]
[BlackTeam "Koppany"]
[WhiteTeamCountry "HUN"]
[BlackTeamCountry "HUN"]

1. c4 e6 2. Nc3 d5 3. d4 Nf6 4. Nf3 Be7 5. Bf4 0-0 6. e3 Ne4 7. Qc2 Nxc3 8. bxc3 Nd7 9. Bd3 Nf6 10. Rb1 dxc4 11. Bxc4 Nd5 12. Bg3 h6 13. h4 c6 14. e4 Nb6 15. Bb3 c5 16. dxc5 Bxc5 17. Rd1 Qe7 18. e5 Bd7 19. h5 Qe8 20. Nd2 Bc6 21. Ne4 Bxe4 22. Qxe4 Qc6 23. Qg4 Qxg2 24. Ke2 Bxf2 0-1

[Event "HUN-chT2 Asztalos 0506"]
[Site "Hungary"]
[Date "2005.11.27"]
[Round "4"]
[White "Fekete, Karoly"]
[Black "Halpert, Sandor"]
[Result "1/2-1/2"]
[WhiteElo "2151"]
[BlackElo "2122"]
[PlyCount "184"]
[EventDate "2005.10.16"]
[EventType "team-tourn"]
[EventRounds "11"]
[EventCountry "HUN"]
[SourceTitle "EXT 2009"]
[Source "ChessBase"]
[SourceDate "2008.11.26"]
[SourceVersion "1"]
[SourceVersionDate "2008.11.26"]
[SourceQuality "1"]
[WhiteTeam "Bajai"]
[BlackTeam "Koppany"]
[WhiteTeamCountry "HUN"]
[BlackTeamCountry "HUN"]

1. d4 Nf6 2. c4 c6 3. Nc3 d5 4. cxd5 cxd5 5. Nf3 Nc6 6. Bf4 a6 7. e3 g6 8. Bd3 Bg7 9. a3 0-0 10. h4 Bg4 11. Rc1 Nh5 12. Bh2 e5 13. dxe5 Nxe5 14. Be2 Nc4 15. Qb3 b5 16. Rd1 Qa5 17. Nd4 Be6 18. Bxh5 gxh5 19. 0-0 Rac8 20. Nb1 Qd8 21. Qb4 Re8 22. Bg3 Bg4 23. Rd3 Bf8 24. Qb3 Rc5 25. Nd2 Qd7 26. N2f3 Bg7 27. Qa2 Bf5 28. Rc3 Rcc8 29. Rfc1 Be4 30. b3 Nb6 31. Rc7 Qd8 32. Qd2 Bxf3 33. Nxf3 Rxc7 34. Bxc7 Qf6 35. Bxb6 Qxb6 36. Qxd5 Rd8 37. Qxh5 h6 38. Qg4 Qd6 39. Nd4 Qxa3 40. Rc7 Qa1+ 41. Kh2 Rf8 42. Nf5 Kh8 43. Qxg7+ Qxg7 44. Nxg7 Kxg7 45. Ra7 Rc8 46. Rxa6 Rc3 47. Rb6 Rxb3 48. Kg3 Rb4 49. f4 h5 50. Kf3 Rb1 51. g4 hxg4+ 52. Kxg4 Rg1+ 53. Kf5 Rh1 54. Rxb5 Rxh4 55. Rb6 Rh3 56. e4 Rg3 57. e5 Ra3 58. Rb7 Ra6 59. Re7 Kf8 60. Rb7 Kg7 61. Rd7 Rb6 62. Rd1 Ra6 63. Re1 Ra5 64. Rg1+ Kf8 65. Rb1 Ra6 66. Re1 Ke7 67. Kg5 Rg6+ 68. Kf5 Ra6 69. Rb1 Rc6 70. Rb7+ Kf8 71. Ke4 Rc4+ 72. Ke3 Ra4 73. f5 Ra3+ 74. Kf4 Ra5 75. f6 Ra8 76. Kf5 Kg8 77. Ke4 Kf8 78. Kd5 Kg8 79. Kd6 Ra6+ 80. Kd7 Re6 81. Rb8+ Kh7 82. Re8 Ra6 83. Re7 Kg6 84. Re8 Ra7+ 85. Kd6 Rb7 86. Re7 Rb8 87. Rc7 Re8 88. Re7 Rd8+ 89. Rd7 Re8 90. Kd5 Kf5 91. Re7 Rd8+ 92. Kc6 Kg6 1/2-1/2

[Event "HUN-chT2 Asztalos 0405"]
[Site "Hungary"]
[Date "2004.09.26"]
[Round "1"]
[White "Halpert, Sandor"]
[Black "Beres, Kornel"]
[Result "1/2-1/2"]
[WhiteElo "2072"]
[BlackElo "2140"]
[PlyCount "28"]
[EventDate "2004.09.26"]
[EventType "team-tourn"]
[EventRounds "11"]
[EventCountry "HUN"]
[SourceTitle "EXT 2009"]
[Source "ChessBase"]
[SourceDate "2008.11.26"]
[SourceVersion "1"]
[SourceVersionDate "2008.11.26"]
[SourceQuality "1"]
[WhiteTeam "Koppany"]
[BlackTeam "Nagyatad"]
[WhiteTeamCountry "HUN"]
[BlackTeamCountry "HUN"]

1. d4 d5 2. c4 e6 3. Nf3 c6 4. b3 f5 5. Bf4 Nf6 6. e3 Be7 7. Bd3 0-0 8. h3 Ne4 9. 0-0 Bd7 10. Ne5 Be8 11. f3 Nd6 12. Qc2 Nd7 13. Nc3 a6 14. Ne2 Nxe5 1/2-1/2